Restrukturyzacja gospodarki polskiej a proces integracji z Unia Europejska
Salvato in:
| Altri autori: | |
|---|---|
| Natura: | Libro |
| Lingua: | polacco |
| Pubblicazione: |
Wroclaw
Oficyna Wydawnicza Politechniki Wroclawskiej
1999
|
| Serie: | Prace naukowe Instytutu Nauk Ekonomiczno-Społecznych Politechniki Wrocławskiej
|
| Soggetti: | |
| Tags: |
Nessun Tag, puoi essere il primo ad aggiungerne!!
|
MARC
| LEADER | 00000nam a2200000 4500 | ||
|---|---|---|---|
| 001 | 0151224 | ||
| 005 | 20240419075417.5 | ||
| 041 | 0 | |a pol | |
| 044 | |a PL | ||
| 245 | 1 | 0 | |a Restrukturyzacja gospodarki polskiej a proces integracji z Unia Europejska |c redaktor naukowy Jan Szczygielski |
| 264 | 1 | |a Wroclaw |b Oficyna Wydawnicza Politechniki Wroclawskiej |c 1999 | |
| 300 | |a 177 s. | ||
| 490 | 1 | |a Prace naukowe Instytutu Nauk Ekonomiczno-Społecznych Politechniki Wrocławskiej | |
| 830 | 0 | |a Prace naukowe Instytutu Nauk Ekonomiczno-Społecznych Politechniki Wrocławskiej | |
| 610 | 2 | 0 | |a reštrukturalizácia |
| 610 | 2 | 0 | |a hospodárstvo národné |
| 610 | 2 | 0 | |a integrácia ekonomická medzinárodná |
| 610 | 2 | 0 | |a Európska únia |
| 610 | 2 | 0 | |a Poľsko |
| 700 | 1 | |a Szczygielski, Jan | |